| 000 | 00576nam a2200193Ia 4500 | ||
|---|---|---|---|
| 005 | 20250326141711.0 | ||
| 008 | 250326s9999 xx 000 0 und d | ||
| 020 | _a1-85127-054-X | ||
| 037 | _aTextbook | ||
| 040 |
_aFMSL _beng _cFMSL |
||
| 041 |
_aeng _2eng |
||
| 084 |
_aX9W M6 _qFMSL |
||
| 100 |
_aAdiseshiam Malcom S _9744923 |
||
| 245 | 0 |
_aWhy, what and whether of the public secto enterprise _cAdiseshiam Malcom S |
|
| 260 |
_aNew Delhi _bNew Delhi, Lancer International _c1986 |
||
| 300 | _avii,184 | ||
| 942 |
_cTB _hX9W M6 |
||
| 999 |
_c1291557 _d1291557 |
||